Gaming Quiz

Random Gaming or Video Games Quiz

Video Game Survey Quiz Stats

Quiz not verified by Sporcle

Also try: Board Game Slogans
Challenge
Share
Tweet
Embed
Score 0/45 Timer 20:00
0 Plays Today
Survey Says Yes (Y) or No (LEAVE BLANK) % Correct
Have you ever bought a console brand new?
92%
Answer these next questions honestly in your experience with video games. The right answer is your honest answer. If your answer is 'no' leave the answer box blank.Here we go!
86.1%
Do you currently have a handheld console?
86.1%
Have you ever had the power go out while you were playing?
78.1%
Have you ever thought a game that was regarded as the best game of all time was merely all right?
77.4%
Have you ever taken an entire console out of the house to play somewhere else?
73.7%
Has a person of the opposite gender of yourself beat you in a game?
71.5%
Did you enjoy this survey?I absolutely loved it!
68.6%
Have you ever disliked a game, came back to it, and then enjoyed it?
68.6%
Have you ever played through an entire game just to get stuck on the final boss?
68.6%
Have you ever rage-quit?
66.4%
Do you currently play games on a screen that is bigger than your arm if you put it diagonally?
66.4%
Has a game ever made you scared?
65.7%
Have you ever pulled an all-nighter gaming marathon?
64.2%
Have you ever bought an accessory just to play one game?
64.2%
Have you ever deliberately disobeyed a clear video game warning?
62%
Have you ever made someone rage-quit?
60.6%
Has a game ever made you cry?
60.6%
Have you ever payed more than $60 for a game?
59.9%
Have you ever used a walkthrough more than 50% of a game?
59.9%
Do you currently have a consoles from Sony, Microsoft, AND Nintendo?
56.2%
Have you ever screen-looked more than the acceptable three times in one game?
56.2%
...have you ever thought one was flat-out bad?
53.3%
Survey Says Yes (Y) or No (LEAVE BLANK) % Correct
Do you currently have a console as old as or older than the SNES?
51.8%
Have you ever played a game drunk?
50.4%
Do you have prescription glasses?
50.4%
Have you ever broken a controller?
48.9%
Have you ever wondered what the Analog button on the Playstation controllers did?
44.5%
Do you own anything by Nintendo Power?
43.1%
Have you ever gotten the gamer's eye?
41.6%
Has a game ever made you injure yourself physically?
38%
Have you ever played a game with your lover?
35.8%
Have you ever dressed-up or pretended you were someone in a video game?
35%
...in rage?
30.7%
Do you currently have a PS3, Xbox 360, AND a Wii, specificly?
30.7%
Do you alphabetize your game library?
30.7%
Have you ever played a game completely naked?
30.7%
Do you have a game with a 'Property of ________' sticker on it?
27.7%
Have you ever played a game high?
23.4%
...more than $90?
22.6%
...five or more people in the same game?
21.2%
Do you currently have a console older than the NES?
21.2%
Do you currently own a modded console?
19%
Have you ever bought a console that was broken?
16.8%
Have you ever hacked an online multiplayer game?
10.2%

You're not logged in!

Compare scores with friends on all Sporcle quizzes.
Join for Free
OR
Log In

You Might Also Like...

Show Comments

Extras

Top Quizzes Today


Score Distribution

Your Account Isn't Verified!

In order to create a playlist on Sporcle, you need to verify the email address you used during registration. Go to your Sporcle Settings to finish the process.

Report this User

Report this user for behavior that violates our Community Guidelines.

Details: